00293nam a2200121Ia 4500008004100000041000800041082001600049100001700065245002400082260002900106300001900135999001700154241015s9999 xx 000 0 und d aeng a658.314 CAP aJaice Caplan aThe Value Of Talent bKogen PageaLondonc2011 a175;. P. 23 cm c41762d41762